000 aam a22 a 4500
999 _c4620
_d4620
003 AKMAL
005 20170607094634.0
008 170607s2015 my e l 000 0 eng d
020 _a9789670735603
_qpaperback
_cRM200.00
040 _cAKMAL
082 0 4 _a336.271409595 CHU
_223
090 2 0 _a336.271409595
_bCHU
100 1 _aChua, Annie,
_eauthor.
_98899
245 1 0 _aMalaysian GST Legislation Plus 2015 /
_cAnnotations by Annie Chua
246 3 _aMalaysian Goods and Services Tax Legislation Plus 2015
264 1 _aSubang Jaya, Selangor :
_bThomson Reuters Malaysia Sdn Bhd,
_c2015
300 _axvii, 589 pages ;
_c25 cm
336 _atext
_2rdacontent
337 _aunmediated
_2rdamedia
338 _avolume
_2rdacarrier
500 _aFeaturing key sectional commentary and cross-references
650 1 0 _aValue-added tax
_zMalaysia
_9180
650 2 0 _aTaxation
_zMalaysia
_9179
942 _2ddc
_cBOOK